[Event "1st IBCA European Team Chess Championship"]
[Site "Warsaw"]
[Date "1899-12-30"]
[Round "5.2"]
[White "Wassin, Sergej"]
[Black "Czajkowski, Adam"]
[Result "0-1"]
[WhiteTitle "FM"]
[BlackTitle ""]
[WhiteElo "2298"]
[BlackElo "2151"]

1. d4 Nf6 2. Nf3 g6 3. g3 Bg7 4. Bg2 O-O 5. O-O d6 6. c4 Nc6 7. h3 e5 8. Be3 exd4
9. Nxd4 Ne5 10. b3 d5 11. c5 Ne4 12. Qc2 Nc6 13. Rd1 Nb4 14. Qc1 Qe7 15. a3 Nc6
16. Ra2 Nxd4 17. Bxd4 Bxd4 18. Rxd4 Nxc5 19. Rxd5 Nxb3 20. Qc3 c6 21. Re5 Qd6
22. Rb2 Nd4 23. Re4 Nb5 24. Qc1 Bf5 25. Rh4 Bxb1 26. Rxb1 Qe7 27. a4 Nd6 28. Rd4
Rfd8 29. Qc5 Rac8 30. a5 Rd7 31. g4 Nb5 32. Qxe7 Rxe7 33. Rd2 a6 34. Rb3 c5 35.
e3 c4 36. Rb4 c3 37. Rc2 Rd7 38. Kf1 Rd2 39. Rc1 Rcd8 40. Ke1 Rb2 41. Rc4 Rdd2
42. R1xc3 Re2+ 43. Kd1 Nxc3+ 44. Rxc3 Rxf2 0-1

[Event "1st IBCA European Team Chess Championship"]
[Site "Warsaw"]
[Date "1899-12-30"]
[Round "5.3"]
[White "Suder, Ryszard"]
[Black "Tuka, Oleg"]
[Result "1/2-1/2"]
[WhiteTitle ""]
[BlackTitle "IM"]
[WhiteElo "2142"]
[BlackElo "2429"]

1. Nf3 Nf6 2. g3 b6 3. Bg2 Bb7 4. O-O e6 5. c4 Be7 6. Nc3 O-O 7. d4 Ne4 8. Qc2
Nxc3 9. Qxc3 d6 10. Be3 Nd7 11. Rac1 Bf6 12. Qc2 c5 13. Rfd1 Qc7 14. b3 h6 15.
Qd2 Rfd8 16. Ne1 Bxg2 17. Nxg2 cxd4 18. Bxd4 Bxd4 19. Qxd4 Nf6 20. Ne3 Rac8 21.
Rc2 Rd7 22. Rcd2 Rcd8 23. Ng4 Nxg4 24. Qxg4 Qc5 25. Qf3 a6 26. Qe4 Rc7 27. Qh4
Rcd7 28. Qe4 Rc8 29. Qf4 Rcd8 30. Qe4 1/2-1/2

[Event "1st IBCA European Team Chess Championship"]
[Site "Warsaw"]
[Date "1899-12-30"]
[Round "5.4"]
[White "Kolpakov, Vladyslav"]
[Black "Zoltek, Tadeusz"]
[Result "1-0"]
[WhiteTitle ""]
[BlackTitle "FM"]
[WhiteElo "1944"]
[BlackElo "2148"]

1. e4 e6 2. d4 d5 3. e5 c5 4. c3 Qb6 5. Nf3 Nc6 6. a3 Bd7 7. b4 cxd4 8. cxd4 Rc8
9. Bb2 Nh6 10. Nc3 Nf5 11. Na4 Qd8 12. Nc5 Rc7 13. Rc1 Nb8 14. Bd3 g6 15. O-O
Be7 16. Qd2 O-O 17. g4 Nh4 18. Nxh4 Bxh4 19. f4 Be7 20. Rc2 b6 21. Nxd7 Rxc2 22.
Qxc2 Qxd7 23. Rc1 Rd8 24. Kg2 Kg7 25. Kf3 f6 26. Qc7 Qxc7 27. Rxc7 Rd7 28. Rc8
Rd8 29. Rc2 a6 30. f5 Kf7 31. Rc7 Rd7 32. Rxd7 Nxd7 33. Bxa6 gxf5 34. gxf5 exf5
35. Kf4 fxe5+ 36. dxe5 Kg6 37. Bb7 Bg5+ 38. Kf3 d4 39. Bxd4 Bc1 40. e6 Nf6 41.
a4 Bd2 42. Bxb6 Bxb4 43. a5 1-0

[Event "1st IBCA European Team Chess Championship"]
[Site "Warsaw"]
[Date "1899-12-30"]
[Round "5.5"]
[White "Palacios Perez, Manuel"]
[Black "Babarykin, Stanislav"]
[Result "1-0"]
[WhiteTitle ""]
[BlackTitle "FM"]
[WhiteElo "2163"]
[BlackElo "2372"]

1. d4 f5 2. Nf3 Nf6 3. g3 g6 4. c3 Bg7 5. Qb3 e6 6. Bg2 Nc6 7. a4 O-O 8. O-O d6
9. Nbd2 Qe7 10. a5 a6 11. Re1 d5 12. Qa3 Qxa3 13. Rxa3 Ne4 14. Rd1 Bf6 15. Nb3
g5 16. Ne1 b6 17. axb6 cxb6 18. Nd2 a5 19. Nxe4 fxe4 20. f3 exf3 21. Bxf3 Be7
22. Ra1 Ba6 23. Nd3 Bf6 24. Kg2 Rad8 25. Nf2 Bc4 26. Ng4 Be7 27. h4 gxh4 28. gxh4
h5 29. Nh6+ Kg7 30. Rg1 Rf6 31. Kh3+ Kh7 32. Bxh5 Rdf8 33. Ng4 Rf5 34. Bg6+ Kxg6
35. Ne5+ Kh5 36. Nxc6 Bxh4 37. Ne5 Bxe2 38. Rg7 Rh8 39. Be3 Bf6 40. Rgg1 Bxe5
41. dxe5 Bd3 42. Rg3 Rhf8 43. Rag1 Rf1 44. Rg6 Rh8 45. Rg7 1-0

[Event "1st IBCA European Team Chess Championship"]
[Site "Warsaw"]
[Date "1899-12-30"]
[Round "5.6"]
[White "Meshkov, Yuri A."]
[Black "Fernandez Manrique, Agustin"]
[Result "1-0"]
[WhiteTitle "IM"]
[BlackTitle ""]
[WhiteElo "2350"]
[BlackElo "2147"]

1. d4 Nf6 2. Nf3 g6 3. c4 Bg7 4. Nc3 O-O 5. e4 d6 6. Be2 e5 7. O-O exd4 8. Nxd4
Re8 9. f3 Nh5 10. g4 Nf6 11. Bg5 h6 12. Bh4 c6 13. Kh1 Nbd7 14. Nc2 Qe7 15. Bg3
Ne5 16. Qd2 Be6 17. b3 h5 18. g5 Nh7 19. f4 Nd7 20. Bf3 Bh3 21. Rfe1 Nc5 22. Rad1
Rad8 23. b4 Ne6 24. Ne2 Nc7 25. Ne3 f6 26. Ng1 Be6 27. f5 Nxg5 28. Bxd6 Nxf3 29.
Nxf3 Qf7 30. fxe6 Rxe6 31. c5 Rxe4 32. Ng2 Rxe1+ 33. Rxe1 Nd5 34. Ngh4 Re8 35.
Rg1 g5 36. Nf5 Qe6 37. Nxg7 Kxg7 38. Nxg5 Qe3 39. Nf3+ Kf7 40. Qg2 Re4 41. Qg8#
1-0

[Event "1st IBCA European Team Chess Championship"]
[Site "Warsaw"]
[Date "1899-12-30"]
[Round "5.7"]
[White "Clemente Llamero, Roberto"]
[Black "Suslov, Evgeniy"]
[Result "1/2-1/2"]
[WhiteTitle ""]
[BlackTitle ""]
[WhiteElo "2162"]
[BlackElo "2221"]

1. e4 d6 2. d4 Nf6 3. Nc3 Nc6 4. Nf3 e5 5. Bb5 Bd7 6. O-O exd4 7. Nxd4 Be7 8. b3
O-O 9. Bb2 Re8 10. Re1 Bf8 11. h3 g6 12. Bxc6 bxc6 13. Nf3 Nh5 14. Na4 Ng7 15.
e5 d5 16. Qd2 Qe7 17. Rad1 Ne6 18. Nc3 Rab8 19. Ne2 Red8 20. Bc1 h6 21. Ned4 c5
22. Nxe6 Bxe6 23. Qa5 Qd7 24. c4 Qc6 25. cxd5 Bxd5 26. Qc3 Be6 27. Nd4 Qa6 28.
Nxe6 Qxe6 29. Be3 Rd5 30. Rxd5 Qxd5 31. Rc1 Re8 32. Bxc5 Bxc5 33. Qxc5 Rxe5 34.
Qxd5 Rxd5 35. Rxc7 Rd1+ 36. Kh2 a6 37. Ra7 Rd6 38. g3 Kg7 39. Kg2 Kf6 40. Kf3
Ke6 41. h4 h5 42. Ke2 f6 43. Ke3 Kf5 44. Kf3 Rc6 45. Rd7 Rc5 46. Rd4 Ra5 47. a4
Rc5 48. Rf4+ Ke5 49. Rb4 Rc3+ 50. Kg2 g5 51. hxg5 fxg5 52. Rb6 Kf5 53. b4 Rc4
54. a5 h4 55. gxh4 Rxh4 56. Rxa6 Rxb4 57. Ra8 Ra4 58. a6 Kg6 1/2-1/2

[Event "1st IBCA European Team Chess Championship"]
[Site "Warsaw"]
[Date "1899-12-30"]
[Round "5.9"]
[White "Pawelec, Bartosz"]
[Black "Rositsan, Boris"]
[Result "0-1"]
[WhiteTitle ""]
[BlackTitle "FM"]
[WhiteElo "2116"]
[BlackElo "2091"]

1. e4 e5 2. Nf3 Nc6 3. Bc4 Nf6 4. Ng5 d5 5. exd5 Na5 6. Bb5+ c6 7. dxc6 bxc6 8.
Bd3 Ng4 9. Ne4 f5 10. Be2 h5 11. h3 fxe4 12. hxg4 Bc5 13. d3 Qb6 14. O-O O-O 15.
dxe4 Bxf2+ 16. Kh1 Ba6 17. Bd2 Rad8 18. Na3 Rf4 19. Bxa5 Qxa5 20. Bc4+ Bxc4 21.
Nxc4 Rxd1 22. Nxa5 Rxa1 23. Rxa1 Rxg4 24. g3 Rxe4 25. Nxc6 Re2 26. b4 Rxc2 27.
b5 e4 28. a4 e3 29. Nd4 Rb2 30. Kg2 g5 31. a5 g4 32. b6 a6 33. Rc1 Be1+ 34. Rc2
Rxc2+ 35. Nxc2 Bxa5 36. b7 Bc7 37. Nb4 e2 38. Kf2 Bxg3+ 39. Kxe2 a5 40. Nd5 Kf7
41. Ke3 Bb8 42. Nc3 h4 43. Kf2 g3+ 44. Kg1 0-1

[Event "1st IBCA European Team Chess Championship"]
[Site "Warsaw"]
[Date "1899-12-30"]
[Round "5.10"]
[White "Grybas, Gintaras"]
[Black "Chojnowski, Marcin"]
[Result "0-1"]
[WhiteTitle ""]
[BlackTitle ""]
[WhiteElo "2012"]
[BlackElo "1983"]

1. d4 Nf6 2. c4 c5 3. dxc5 e6 4. Nc3 Bxc5 5. Nf3 O-O 6. e3 d5 7. cxd5 exd5 8. Be2
Nc6 9. O-O a6 10. b3 Qd6 11. Bb2 Ba7 12. Qd2 Rd8 13. Rfd1 Bf5 14. Rac1 Rac8 15.
Nh4 Bb8 16. g3 Bh3 17. Ng2 Qe6 18. Na4 Ne4 19. Qe1 Bxg2 20. Kxg2 Ng5 21. Nc5 Qh3+
22. Kg1 Be5 23. Bd4 Bxd4 24. exd4 Re8 25. Qf1 Qh6 26. Nxb7 Nxd4 27. Bg4 Rxc1 28.
Rxc1 f5 29. f4 fxg4 30. fxg5 Qb6 0-1

[Event "1st IBCA European Team Chess Championship"]
[Site "Warsaw"]
[Date "1899-12-30"]
[Round "5.11"]
[White "Zarow, Zdzislaw"]
[Black "Novikovas, Anatolijus"]
[Result "1/2-1/2"]
[WhiteTitle ""]
[BlackTitle ""]
[WhiteElo "1849"]
[BlackElo "1856"]

1. e4 e6 2. d4 d5 3. e5 c5 4. Nf3 Qb6 5. c3 Bd7 6. a3 Bb5 7. Be2 Nc6 8. Be3 Bxe2
9. Qxe2 cxd4 10. cxd4 Nge7 11. Nc3 a6 12. O-O Nf5 13. Rac1 Be7 14. Rfd1 O-O 15.
b4 Nxe3 16. fxe3 Rfd8 17. Qf2 Rd7 18. Na4 Qd8 19. Nc5 Bxc5 20. Rxc5 Na7 21. Rdc1
Rc8 22. a4 Rxc5 23. Rxc5 b6 24. Rc3 Rc7 25. Qd2 Rxc3 26. Qxc3 Qc8 27. Qxc8+ Nxc8
28. Ne1 Na7 29. Nd3 Nc6 30. Kf2 Kf8 31. Ke2 Ke7 32. Kd2 f6 33. exf6+ gxf6 34.
Kc3 e5 35. g4 Kd6 36. b5 axb5 37. axb5 Nd8 38. Nb2 Ne6 39. Na4 Kc7 40. Kd3 h6
41. Nc3 Kd6 42. Na4 Kc7 43. h3 e4+ 44. Ke2 Ng5 45. h4 Nf3 46. Nc3 Kd6 47. Na4
Kc7 48. Nc3 1/2-1/2

[Event "1st IBCA European Team Chess Championship"]
[Site "Warsaw"]
[Date "1899-12-30"]
[Round "5.12"]
[White "Slusnys, Evaldas"]
[Black "Sargalski, Andrzej"]
[Result "1-0"]
[WhiteTitle ""]
[BlackTitle ""]
[WhiteElo "1888"]
[BlackElo "1835"]

1. e4 e5 2. Nf3 Nc6 3. d4 exd4 4. Nxd4 Bc5 5. Be3 Qf6 6. Nb5 Bxe3 7. fxe3 Qe5 8.
Qd5 Qxd5 9. Nxc7+ Kd8 10. Nxd5 Nge7 11. Nbc3 Re8 12. O-O-O Ng6 13. Nb5 Rf8 14.
Be2 Nge5 15. Rhf1 f6 16. Ndc7 Rb8 17. Ne6+ Ke7 18. Nxf8 Kxf8 19. Nd6 Ke7 20. h4
Nd8 21. g4 Ne6 22. Nf5+ Kf8 23. Rd5 b6 24. Nd6 Ke7 25. g5 Bb7 26. Nxb7 Rxb7 27.
Rf5 Rb8 28. gxf6+ gxf6 29. Rfxe5 fxe5 30. Rxe5 Rg8 31. Bc4 Rg4 32. Bxe6 dxe6 33.
Rh5 Rxe4 34. Rxh7+ Kd6 35. Kd2 a5 36. Kd3 Rb4 37. b3 Rg4 38. a4 e5 39. h5 Kc5
40. Rc7+ Kd6 41. Rc4 Rg7 42. h6 Rh7 43. Rh4 Kd5 44. Rh5 Ke6 45. Ke4 Kf6 46. c4
Rh8 47. h7 b5 48. axb5 1-0

[Event "1st IBCA European Team Chess Championship"]
[Site "Warsaw"]
[Date "1899-12-30"]
[Round "5.13"]
[White "Eichstaedt, Mirko"]
[Black "Nizam, Rasim"]
[Result "1/2-1/2"]
[WhiteTitle ""]
[BlackTitle "IM"]
[WhiteElo "2241"]
[BlackElo "2185"]

1. d4 Nf6 2. Nf3 e6 3. g3 d5 4. c4 Nbd7 5. Bg2 Be7 6. O-O O-O 7. Qc2 c6 8. b3 Ne4
9. Bb2 f5 10. Nbd2 Ndf6 11. Ne5 Bd7 12. Nxe4 dxe4 13. f3 exf3 14. Bxf3 Be8 15.
e4 Bg6 16. Nxg6 hxg6 17. Kh1 Qc7 18. Qe2 Kh7 19. Rac1 Rae8 20. e5 Nd7 21. d5 Bg5
22. dxc6 bxc6 23. Rcd1 Be7 24. c5 Nxc5 25. Qc4 Rd8 26. Bd4 Ne4 27. Qxe6 c5 28.
Be3 Bg5 29. Bxe4 Bxe3 30. Bc6 Bd4 31. Rfe1 Rf7 32. Bd5 Re7 33. Qc6 Qa5 34. Bc4
Rxe5 35. Rxe5 Bxe5 36. Rxd8 Qxd8 37. Qd5 Qxd5+ 38. Bxd5 g5 39. Kg2 g4 40. h3 gxh3+
41. Kxh3 Kh6 42. Kg2 g5 43. Be6 Kg6 44. g4 f4 45. Kf3 Kf6 46. Bc4 Bb2 47. Ke4
Ba3 48. Kd5 Bb4 49. a4 f3 50. Ke4 f2 51. Bf1 Ke6 52. Bc4+ Kd6 53. Bf1 Kc6 54.
Kf3 Be1 55. Bc4 Kb6 56. Ke2 Ka5 57. Kf1 Kb4 58. Ke2 Kc3 59. Kf1 1/2-1/2

[Event "1st IBCA European Team Chess Championship"]
[Site "Warsaw"]
[Date "1899-12-30"]
[Round "5.14"]
[White "Todorov, Aleksandar"]
[Black "Mueller, Thorsten"]
[Result "0-1"]
[WhiteTitle ""]
[BlackTitle ""]
[WhiteElo "1951"]
[BlackElo "2123"]

1. e4 e6 2. d4 d5 3. exd5 exd5 4. c4 Nf6 5. Nf3 Be7 6. Bd3 Nc6 7. cxd5 Nxd5 8.
O-O O-O 9. Nc3 Be6 10. a3 Re8 11. Ne4 h6 12. Ng3 Qd7 13. Bc2 Rad8 14. Qd3 Nf6
15. Be3 Bg4 16. Rad1 Bd6 17. Rfe1 Ne7 18. Qd2 Ned5 19. Qd3 c6 20. Bc1 Qc7 21.
h3 Bxf3 22. Qxf3 Bxg3 23. fxg3 Qa5 24. Rf1 Qb6 25. g4 Ne7 26. Bxh6 Rxd4 27. Rxd4
Qxd4+ 28. Be3 Qxb2 29. g5 Qxc2 30. gxf6 Nd5 31. fxg7 Qg6 32. Bd4 f6 33. Qb3 Re2
34. Qf3 Rd2 35. Bxa7 Rd3 36. Qe2 Kxg7 37. Bc5 Rxh3 38. Qe6 Rg3 39. Qd7+ Qf7 40.
Qd6 Rg4 41. Rf3 Qe8 42. Bf2 Qe4 43. Qd7+ Kg6 44. Bg3 Qd4+ 45. Bf2 Qd1+ 46. Kh2
Rxg2+ 47. Kxg2 Nf4+ 0-1

[Event "1st IBCA European Team Chess Championship"]
[Site "Warsaw"]
[Date "1899-12-30"]
[Round "5.15"]
[White "Schellmann, Frank"]
[Black "Georgiev, Yordan Kirilov"]
[Result "1/2-1/2"]
[WhiteTitle "CM"]
[BlackTitle ""]
[WhiteElo "2068"]
[BlackElo "1710"]

1. e4 c6 2. d4 d5 3. e5 Bf5 4. Nf3 e6 5. Be2 c5 6. Be3 cxd4 7. Nxd4 Ne7 8. Nd2
Nbc6 9. N2f3 Be4 10. O-O Bxf3 11. Nxf3 Ng6 12. c4 dxc4 13. Qa4 Qa5 14. Qxc4 Ngxe5
15. Nxe5 Qxe5 16. Bf3 Rc8 17. Rfd1 Bd6 18. g3 O-O 19. Qa4 Bc5 20. Bxc5 Qxc5 21.
Rac1 Qb6 22. Bxc6 Rxc6 23. Rxc6 bxc6 24. b3 g6 25. Rd6 Rc8 26. Rd7 a5 27. Qf4
Rf8 28. h4 h5 29. Qc7 Qc5 30. Rd6 Qa3 31. Rxc6 Qxa2 32. Ra6 Qxb3 33. Rxa5 Qb1+
34. Kg2 Qe4+ 35. Kg1 Ra8 36. Rxa8+ Qxa8 37. Qe5 Qd5 38. Qf6 e5 39. Qg5 Kg7 40.
Qe7 Qd4 41. Kg2 Qe4+ 42. Kg1 Qf5 43. Kg2 Qf6 44. Qb7 Qf5 45. Qe7 Qf6 46. Qb7 g5
47. hxg5 Qxg5 48. Kf1 h4 49. gxh4 Qxh4 50. Qg2+ Kh6 51. Qd5 Qf6 52. Ke2 Qf4 53.
Qd6+ Kg7 54. Qc7 Qd4 55. f3 Kg6 56. Qc6+ Kg5 57. Qc8 Qb2+ 58. Ke3 Qd4+ 59. Ke2
Kf6 60. Qc6+ Kg7 61. Qc7 Qf4 62. Qd7 Qh2+ 63. Ke3 Qg1+ 64. Ke2 Qg2+ 65. Ke3 Qg5+
66. Ke2 Qf4 67. Qc7 Kg6 68. Qc8 Kg7 69. Qc7 Qg5 70. Qd7 Qh5 71. Ke3 Qh6+ 72. Ke2
Qa6+ 73. Ke3 Qa3+ 74. Ke2 Qb2+ 75. Ke3 Qc3+ 76. Ke2 Qd4 77. Qc7 Qf4 78. Qd7 Qh2+
79. Ke3 1/2-1/2

[Event "1st IBCA European Team Chess Championship"]
[Site "Warsaw"]
[Date "1899-12-30"]
[Round "5.16"]
[White "Ilieva, Gabriela"]
[Black "Schulz, Gert"]
[Result "1/2-1/2"]
[WhiteTitle ""]
[BlackTitle ""]
[WhiteElo "1510"]
[BlackElo "1999"]

1. d4 Nf6 2. c4 e6 3. Nc3 Bb4 4. e3 c5 5. Bd3 Nc6 6. Nge2 cxd4 7. exd4 d5 8. O-O
O-O 9. Bg5 dxc4 10. Bxc4 Be7 11. Bd2 b6 12. Be3 Bb7 13. f3 Rc8 14. Bb3 Na5 15.
Bc2 Nc4 16. Qc1 b5 17. a3 a5 18. Bf2 b4 19. axb4 Bxb4 20. Bh4 Nxb2 21. Bxh7+ Kxh7
22. Qxb2 Bxc3 23. Nxc3 Qxd4+ 24. Bf2 Qxc3 25. Qxb7 Kg8 26. Qb5 Ra8 27. Bb6 Rfb8
28. Rxa5 Rxa5 29. Qxa5 Qb2 30. Bc7 Qd4+ 31. Kh1 Qd3 32. Re1 Rb1 33. h3 Rb5 34.
Qa8+ Kh7 35. Be5 Qd2 36. Qa1 Ra5 37. Qb1+ Kh6 38. Bxf6 gxf6 39. Re4 f5 40. Rc4
Ra2 41. Qf1 Qf2 42. Qxf2 Rxf2 43. h4 Kh5 44. Kg1 Ra2 45. g3 Rb2 46. Rc7 f4 47.
Rxf7 fxg3 48. Rh7+ Kg6 49. Rh8 Rh2 1/2-1/2

[Event "1st IBCA European Team Chess Championship"]
[Site "Warsaw"]
[Date "1899-12-30"]
[Round "5.18"]
[White "Donmez, Unal"]
[Black "Sojka, Bernard"]
[Result "1-0"]
[WhiteTitle ""]
[BlackTitle ""]
[WhiteElo "1827"]
[BlackElo "1755"]

1. e4 e5 2. f4 Bc5 3. Nf3 d6 4. c3 Nc6 5. Bc4 Be6 6. Bxe6 fxe6 7. Qb3 Qc8 8. fxe5
dxe5 9. Ng5 Ke7 10. Qc4 Bb6 11. b3 Na5 12. Ba3+ c5 13. Qe2 Nf6 14. O-O h6 15.
Nf3 Nc6 16. d4 Nd7 17. d5 Nd8 18. Nbd2 Nf7 19. dxe6 Kxe6 20. Qc4+ Ke7 21. Nh4
Nf6 22. Ng6+ Ke8 23. Nxh8 Nxh8 24. Rf5 Ng6 25. Nf3 Qc7 26. h4 Rc8 27. h5 Ne7 28.
Rxe5 Qd6 29. Rf1 Kd8 30. Bc1 Nd7 31. Re6 Qg3 32. e5 Rc6 33. Rxe7 Kxe7 34. Bf4
Qg4 35. Bg5+ 1-0

[Event "1st IBCA European Team Chess Championship"]
[Site "Warsaw"]
[Date "1899-12-30"]
[Round "5.19"]
[White "Siret, Bernard"]
[Black "Aksu, Mumin"]
[Result "0-1"]
[WhiteTitle ""]
[BlackTitle ""]
[WhiteElo "1712"]
[BlackElo "1781"]

1. e4 e6 2. d3 d5 3. Nd2 c5 4. Ngf3 Nc6 5. g3 Nf6 6. Bg2 dxe4 7. dxe4 e5 8. O-O
Bg4 9. c3 Qc7 10. Re1 Rd8 11. Qc2 Be7 12. Nf1 h6 13. Ne3 Be6 14. Nh4 g6 15. Nf3
O-O 16. h4 Kg7 17. Kh2 Qc8 18. Nf1 Rd6 19. Be3 b6 20. Ng1 g5 21. f3 gxh4 22. gxh4
Nh5 23. Bh3 Bxh4 24. Red1 Rfd8 25. Rxd6 Rxd6 26. b3 Ne7 27. Rd1 Qd7 28. Bxe6 Qxe6
29. Qg2+ Ng6 30. Rxd6 Qxd6 31. Bd2 Qd7 32. Ne3 Nhf4 33. Nf5+ Kh7 34. Bxf4 exf4
35. Ne2 Bg5 36. c4 Qd2 37. Kh3 Qxa2 38. Nxf4 Nxf4+ 0-1

[Event "1st IBCA European Team Chess Championship"]
[Site "Warsaw"]
[Date "1899-12-30"]
[Round "5.21"]
[White "Cajzler, Hinko"]
[Black "Hilton, Stephen H"]
[Result "1-0"]
[WhiteTitle ""]
[BlackTitle ""]
[WhiteElo "2099"]
[BlackElo "1894"]

1. e4 c5 2. Nf3 d6 3. d4 cxd4 4. Nxd4 Nf6 5. Nc3 a6 6. g3 e5 7. Nb3 Be7 8. Bg2
O-O 9. h3 Be6 10. O-O Nbd7 11. Be3 Nb6 12. Nd5 Nfxd5 13. exd5 Bf5 14. Qe2 Rc8
15. c3 Nc4 16. Bc1 Bd7 17. Re1 f5 18. Nd2 Nxd2 19. Bxd2 f4 20. gxf4 Bh4 21. b3
exf4 22. Qf3 g5 23. Re6 Bxe6 24. dxe6 Qb6 25. Rf1 Rc7 26. c4 Re7 27. Qg4 Qd4 28.
Bc1 Rf6 29. Bd5 Rg6 30. Ba3 Qb6 31. Bb2 Qb4 32. Rd1 a5 33. Kg2 a4 34. Rd3 axb3
35. axb3 Qe1 36. Rf3 Qa5 37. Bd4 Kf8 38. Qf5+ Kg8 39. Bf6 Qc7 40. Bxe7 Qxe7 41.
Qf7+ Qxf7 42. exf7+ Kg7 43. b4 h5 44. Ra3 g4 45. Ra8 f3+ 46. Kf1 Be7 47. Rg8+
Kh6 48. f8=Q+ Bxf8 49. Rxf8 b6 50. hxg4 hxg4 51. Rg8 1-0

[Event "1st IBCA European Team Chess Championship"]
[Site "Warsaw"]
[Date "1899-12-30"]
[Round "5.22"]
[White "Armstrong, William G"]
[Black "Prpic, Milan"]
[Result "1/2-1/2"]
[WhiteTitle ""]
[BlackTitle ""]
[WhiteElo "1839"]
[BlackElo "1834"]

1. d4 d5 2. Nf3 Nf6 3. c4 e6 4. g3 g6 5. Bg2 Bg7 6. O-O O-O 7. Nc3 c6 8. b3 Nbd7
9. Qd3 Re8 10. cxd5 exd5 11. Nd2 Nf8 12. Bb2 Bg4 13. f3 Be6 14. Rad1 Nh5 15. e4
Bh6 16. f4 dxe4 17. Ndxe4 Bg7 18. Bf3 Nf6 19. Nxf6+ Bxf6 20. Ne4 Bg7 21. Qd2 Bd5
22. Qg2 Nd7 23. Nd6 Bxf3 24. Rxf3 Re6 25. Nc4 Qe8 26. Ne5 Nb6 27. f5 gxf5 28.
Rxf5 f6 29. Nc4 Nd5 30. Ba3 b5 31. Nd6 Qd7 32. Rxd5 cxd5 33. Qxd5 Rae8 34. Re1
Bf8 35. Rxe6 Rxe6 36. Qa8 Rxd6 37. Bxd6 Qxd6 38. Qxa7 b4 39. Kf2 Be7 40. Qa8+
Kg7 41. Qe4 Bd8 42. Qg4+ Kh8 43. Ke3 Bb6 44. Qc8+ Qd8 45. Qc4 Qe7+ 46. Kd3 Kg7
47. Qd5 Qc7 48. Qc4 Qd6 49. d5 Qe5 50. Qg4+ Kf7 51. Qd7+ Qe7 52. Qxe7+ Kxe7 53.
Kc4 Bg1 54. g4 Bxh2 55. Kxb4 Kd6 56. Kc4 Bg1 57. a4 Be3 58. b4 f5 59. gxf5 h5
60. Kd3 Bg5 61. a5 Kxd5 62. a6 Kc6 63. b5+ 1/2-1/2

[Event "1st IBCA European Team Chess Championship"]
[Site "Warsaw"]
[Date "1899-12-30"]
[Round "5.23"]
[White "Began, Branko"]
[Black "Whittle, Les V"]
[Result "1/2-1/2"]
[WhiteTitle ""]
[BlackTitle ""]
[WhiteElo "1836"]
[BlackElo "1771"]

1. d4 d5 2. Nf3 Nf6 3. c4 c6 4. e3 e6 5. Nc3 Nbd7 6. Qc2 Be7 7. Bd3 dxc4 8. Bxc4
b5 9. Bd3 a6 10. e4 h6 11. Qe2 c5 12. e5 Ng8 13. d5 Bb7 14. dxe6 fxe6 15. Bg6+
Kf8 16. O-O c4 17. Ne4 Qc7 18. Bf4 Bc5 19. Nd6 Ne7 20. Nh4 Bd5 21. Qg4 Nxe5 22.
Bxe5 Bxd6 23. Qf4+ Nf5 24. Bxf5 Bxe5 25. Ng6+ Kg8 26. Bxe6+ Bxe6 27. Qxe5 Qxe5
28. Nxe5 Rd8 29. Rad1 Kh7 30. Nc6 Rd5 31. Rxd5 Bxd5 32. Nb4 Bb7 33. Rd1 Rc8 34.
f3 a5 35. Nc2 b4 36. Ne3 c3 37. bxc3 Rxc3 38. Re1 a4 39. Kf2 b3 40. axb3 Rxb3
41. Ra1 Bc6 42. Nd1 a3 43. Ke2 Be8 44. Kd2 Bg6 45. Ra2 Bb1 46. Ra1 a2 47. h3 Kg6
48. Nc3 Rb2+ 49. Ke3 Rxg2 50. Nxb1 axb1=Q 51. Rxb1 Kg5 52. Rb4 Kh5 53. Rg4 Rxg4
54. hxg4+ Kh4 55. Kf4 g5+ 56. Ke4 Kg3 1/2-1/2

[Event "1st IBCA European Team Chess Championship"]
[Site "Warsaw"]
[Date "1899-12-30"]
[Round "6.1"]
[White "Tazbir, Marcin"]
[Black "Palacios Perez, Manuel"]
[Result "1-0"]
[WhiteTitle "GM"]
[BlackTitle ""]
[WhiteElo "2524"]
[BlackElo "2163"]

1. c4 Nf6 2. Nc3 g6 3. d4 Bg7 4. e4 d6 5. f3 O-O 6. Be3 Nc6 7. Qd2 a6 8. Nge2 Rb8
9. Rc1 b5 10. cxb5 axb5 11. Nxb5 Rxb5 12. Rxc6 Bd7 13. Rc2 e5 14. Nc3 Ra5 15.
Bc4 exd4 16. Bxd4 c5 17. Be3 Be6 18. b3 Bxc4 19. bxc4 Qb6 20. O-O Nd7 21. Nd5
Qa6 22. Rd1 Ra3 23. Bf2 Qa4 24. Nc7 Ne5 25. Qe2 Nc6 26. Nb5 Nd4 27. Nxd4 cxd4
28. Bxd4 Bxd4+ 29. Rxd4 Rb8 30. Rd1 Qa7+ 31. Qf2 Re3 32. h4 Qa3 33. Kh2 h5 34.
Qg3 Rd3 35. Rcd2 Rxd2 36. Rxd2 Rd8 37. e5 Qc5 38. Rxd6 Re8 39. e6 Qxc4 40. exf7+
Qxf7 41. Qxg6+ 1-0

[Event "1st IBCA European Team Chess Championship"]
[Site "Warsaw"]
[Date "1899-12-30"]
[Round "6.2"]
[White "Fernandez Manrique, Agustin"]
[Black "Mackowiak, Marek"]
[Result "1/2-1/2"]
[WhiteTitle ""]
[BlackTitle ""]
[WhiteElo "2147"]
[BlackElo "2161"]

1. c4 e5 2. Nc3 Nc6 3. g3 g6 4. Bg2 Bg7 5. e4 Nge7 6. Nge2 O-O 7. O-O d6 8. d3
f5 9. Be3 Be6 10. Nd5 Rb8 11. Qd2 Qd7 12. Bg5 Rf7 13. b4 Nc8 14. b5 N6e7 15. f3
c6 16. Nxe7+ Nxe7 17. Nc3 d5 18. bxc6 bxc6 19. cxd5 cxd5 20. Bxe7 Rxe7 21. exd5
Bxd5 22. Nxd5 Qxd5 23. Rab1 Rd8 24. Rb3 e4 25. fxe4 fxe4 26. Qb4 Qd4+ 27. Qxd4
Bxd4+ 28. Kh1 e3 29. Rb7 Rxb7 30. Bxb7 Bc3 31. Bf3 Rxd3 32. Rd1 Bd2 33. Kg2 Kg7
34. Kf1 Rc3 35. Be4 Ra3 36. Bd5 Ra5 37. Bc4 Rf5+ 38. Kg1 Rf2 39. Rf1 Rf6 40. Rxf6
Kxf6 41. Kg2 1/2-1/2

[Event "1st IBCA European Team Chess Championship"]
[Site "Warsaw"]
[Date "1899-12-30"]
[Round "6.3"]
[White "Czajkowski, Adam"]
[Black "Clemente Llamero, Roberto"]
[Result "1/2-1/2"]
[WhiteTitle ""]
[BlackTitle ""]
[WhiteElo "2151"]
[BlackElo "2162"]

1. e4 c6 2. Nc3 d5 3. Nf3 dxe4 4. Nxe4 Nd7 5. d4 Ngf6 6. Nxf6+ Nxf6 7. Ne5 Be6
8. Be2 g6 9. O-O Bg7 10. c4 O-O 11. Be3 Ne4 12. Qb3 Qc7 13. Rad1 Nd6 14. Bf4 Qb6
15. Qa3 Qd8 16. b3 f6 17. Nd3 Bf7 18. Nc5 g5 19. Bg3 b6 20. Na6 Qd7 21. Rfe1 h5
22. Bf3 h4 23. Rxe7 Qxe7 24. Bxd6 Qd7 25. Bxf8 Bxf8 26. Qa4 b5 27. cxb5 cxb5 28.
Qa5 Rc8 29. Nc5 Qf5 30. Ne4 Kg7 31. h3 Qf4 32. Qxb5 f5 33. Nc5 Bd6 34. Re1 Qxd4
35. Nd3 Rc3 36. Ne5 Rc5 37. Nc6 Qc3 38. Qe2 Rxc6 39. Bxc6 Qxc6 40. Qd3 Qc5 41.
Qe2 Bf4 42. Qb2+ Kg6 43. b4 Qd5 44. a4 Be6 45. Qe2 Kf6 46. Qh5 Kg7 47. Qe8 Bf7
48. Qe7 Qd2 49. b5 Qc3 50. Rf1 Qc4 51. Qxa7 Bh2+ 52. Kxh2 Qxf1 53. Qe3 Kg6 54.
Qb6+ Kg7 55. Qd4+ Kg6 56. Qd6+ Kg7 57. b6 Qxf2 58. b7 Bd5 1/2-1/2

[Event "1st IBCA European Team Chess Championship"]
[Site "Warsaw"]
[Date "1899-12-30"]
[Round "6.4"]
[White "Draghici Flutur, Gavril"]
[Black "Suder, Ryszard"]
[Result "0-1"]
[WhiteTitle ""]
[BlackTitle ""]
[WhiteElo "2094"]
[BlackElo "2142"]

1. e4 c6 2. d4 d5 3. e5 Bf5 4. h4 c5 5. dxc5 Nc6 6. a3 Nxe5 7. b4 Nf6 8. Bb2 Nc6
9. Be2 h6 10. Nd2 Qc7 11. Ngf3 e6 12. c4 Be7 13. cxd5 exd5 14. b5 Na5 15. Nd4
Bh7 16. b6 axb6 17. Qa4+ Kf8 18. cxb6 Qd8 19. Qb5 Qd7 20. O-O Qxb5 21. Nxb5 g5
22. hxg5 hxg5 23. Bc3 Nc6 24. a4 Bf5 25. a5 Rh6 26. Nf3 Ne4 27. Bb2 Bc5 28. Nfd4
Bd7 29. Nxc6 Ng3 0-1

[Event "1st IBCA European Team Chess Championship"]
[Site "Warsaw"]
[Date "1899-12-30"]
[Round "6.5"]
[White "Rositsan, Boris"]
[Black "Babarykin, Stanislav"]
[Result "1/2-1/2"]
[WhiteTitle "FM"]
[BlackTitle "FM"]
[WhiteElo "2091"]
[BlackElo "2372"]

1. e4 e5 2. Nf3 Nc6 3. Bb5 a6 4. Bxc6 dxc6 5. O-O Bg4 6. h3 h5 7. c3 Qf6 8. d4
Bxf3 9. Qxf3 exd4 10. cxd4 O-O-O 11. Be3 Qxf3 12. gxf3 Ne7 13. Nd2 g5 14. Kh2
Ng6 15. e5 c5 16. Bxg5 Rxd4 17. Nb3 Rd3 18. Rad1 c4 19. Bf6 Rg8 20. Rxd3 cxd3
21. Rd1 Nf4 22. Nc1 Bc5 1/2-1/2